[Event "Seville Villa de Coria op 9th"]
[Site "Seville"]
[Date "2003.??.??"]
[Round "1"]
[White "Miranda, Hipolito"]
[Black "Ivanov, Jordan"]
[Result "0-1"]
[WhiteElo "1800"]
[BlackElo "2446"]
[PlyCount "48"]
[EventDate "2003.02.13"]
[EventType "swiss"]
[EventRounds "9"]
[EventCountry "ESP"]
[SourceTitle "CBM 092 Extra"]
[Source "ChessBase"]
[SourceDate "2003.03.07"]
[SourceVersion "1"]
[SourceVersionDate "2003.03.07"]
[SourceQuality "1"]

1. e4 c5 2. Nf3 e6 3. c3 Nf6 4. d3 Nc6 5. Nbd2 Qc7 6. d4 cxd4 7. cxd4 Nb4 8. Bc4 Nxe4 9. Qb3 d5 10. Bd3 Nxd3+ 11. Qxd3 Nd6 12. Nb1 Qxc1+ 13. Qd1 Qxb2 14. Nbd2 Bd7 15. 0-0 Bb5 16. Re1 Rc8 17. Re3 Qc2 18. Qe1 Be7 19. Nb3 0-0 20. g4 Nc4 21. Re2 Qg6 22. h3 Na3 23. Re5 Nc2 24. Nh4 Bxh4 0-1